[Event "Grand Swiss "]
[Date "2025.09.08"]
[White "Van Foreest, Jorden"]
[Black "Anton Guijarro, David"]
[WhiteElo "2692"]
[BlackElo "2625"]
[Round "4.4.25"]
[Result "1-0"]

1. e4 {[%clk 01:40:55] [%emt 00:00:03]} e5 {[%clk 01:40:51] [%emt 00:00:10]} 2.
Nf3 {[%clk 01:41:15] [%emt 00:00:10]} Nc6 {[%clk 01:41:14] [%emt 00:00:07]} 3.
Bb5 {[%clk 01:41:35] [%emt 00:00:10]} a6 {[%clk 01:41:33] [%emt 00:00:11]} 4.
Ba4 {[%clk 01:41:58] [%emt 00:00:07]} Nf6 {[%clk 01:41:52] [%emt 00:00:10]} 5.
O-O {[%clk 01:42:17] [%emt 00:00:11]} Be7 {[%clk 01:42:13] [%emt 00:00:09]} 6.
Re1 {[%clk 01:42:30] [%emt 00:00:17]} b5 {[%clk 01:42:16] [%emt 00:00:28]} 7.
Bb3 {[%clk 01:42:52] [%emt 00:00:09]} O-O {[%clk 01:42:29] [%emt 00:00:17]} 8.
a4 {[%clk 01:43:13] [%emt 00:00:09]} b4 {[%clk 01:42:24] [%emt 00:00:35]} 9. d4
{[%clk 01:42:15] [%emt 00:01:28]} d6 {[%clk 01:42:33] [%emt 00:00:21]} 10. dxe5
{[%clk 01:42:16] [%emt 00:00:29]} Nxe5 {[%clk 01:42:32] [%emt 00:00:31]} 11.
Nbd2 {[%clk 01:40:29] [%emt 00:02:17]} Nfd7 {[%clk 01:36:49] [%emt 00:06:13]}
12. Nd4 {[%clk 01:40:19] [%emt 00:00:40]} Bb7 {[%clk 01:36:09] [%emt 00:01:10]}
13. Nf1 {[%clk 01:35:41] [%emt 00:05:07]} Re8 {[%clk 01:20:59] [%emt 00:15:40]}
14. Ng3 {[%clk 01:35:11] [%emt 00:01:00]} Bf8 {[%clk 01:10:22] [%emt 00:11:07]}
15. f4 {[%clk 01:08:36] [%emt 00:27:06]} Ng6 {[%clk 01:09:10] [%emt 00:01:42]}
16. c3 {[%clk 01:08:35] [%emt 00:00:31]} c5 {[%clk 00:59:11] [%emt 00:10:29]}
17. Nf3 {[%clk 01:06:21] [%emt 00:02:43]} Nf6 {[%clk 00:55:24] [%emt 00:04:17]}
18. cxb4 {[%clk 01:01:51] [%emt 00:05:00]} c4 {[%clk 00:54:41] [%emt 00:01:14]}
19. Bc2 {[%clk 01:00:51] [%emt 00:01:30]} d5 {[%clk 00:50:19] [%emt 00:04:52]}
20. e5 {[%clk 01:00:30] [%emt 00:00:51]} Bxb4 {[%clk 00:48:34] [%emt 00:02:15]}
21. Nd4 {[%clk 00:50:52] [%emt 00:10:08]} Bxe1 {[%clk 00:36:23] [%emt 00:12:41]}
22. Qxe1 {[%clk 00:50:44] [%emt 00:00:38]} Rb8 {[%clk 00:36:09] [%emt 00:00:45]}
23. Ngf5 {[%clk 00:39:46] [%emt 00:11:28]} Bc8 {[%clk 00:31:11] [%emt 00:05:28]}
24. Be3 {[%clk 00:34:19] [%emt 00:05:56]} Bxf5 {[%clk 00:27:53] [%emt 00:03:49]}
25. Bxf5 {[%clk 00:32:46] [%emt 00:02:03]} Rxb2 {[%clk 00:27:24] [%emt
00:00:59]} 26. Qc3 {[%clk 00:30:40] [%emt 00:02:37]} Rb7 {[%clk 00:26:26] [%emt
00:01:27]} 27. exf6 {[%clk 00:30:35] [%emt 00:00:35]} Qxf6 {[%clk 00:26:43]
[%emt 00:00:14]} 28. Bd2 {[%clk 00:24:13] [%emt 00:06:52]} h5 {[%clk 00:07:57]
[%emt 00:19:16]} 29. Rf1 {[%clk 00:18:35] [%emt 00:06:08]} h4 {[%clk 00:08:19]
[%emt 00:00:09]} 30. Bc2 {[%clk 00:17:21] [%emt 00:01:44]} h3 {[%clk 00:05:47]
[%emt 00:03:02]} 31. gxh3 {[%clk 00:17:05] [%emt 00:00:46]} Nh4 {[%clk 00:03:13]
[%emt 00:03:05]} 32. Kh1 {[%clk 00:17:12] [%emt 00:00:23]} Rbe7 {[%clk 00:02:14]
[%emt 00:01:29]} 33. Rg1 {[%clk 00:16:52] [%emt 00:00:51]} Re4 {[%clk 00:01:16]
[%emt 00:01:28]} 34. Bxe4 {[%clk 00:11:27] [%emt 00:05:54]} Rxe4 {[%clk
00:01:43] [%emt 00:00:04]} 35. Nc2 {[%clk 00:05:26] [%emt 00:06:32]} d4 {[%clk
00:01:49] [%emt 00:00:24]} 36. Qxc4 {[%clk 00:05:53] [%emt 00:00:02]} Qd8 {[%clk
00:01:29] [%emt 00:00:50]} 37. Nb4 {[%clk 00:04:53] [%emt 00:01:30]} Qa8 {[%clk
00:00:37] [%emt 00:01:23]} 38. Qd5 {[%clk 00:03:08] [%emt 00:02:14]} Qxd5 {[%clk
00:01:00] [%emt 00:00:08]} 39. Nxd5 {[%clk 00:03:35] [%emt 00:00:03]} Re2 {[%clk
00:01:20] [%emt 00:00:10]} 40. Ba5 {[%clk 00:00:59] [%emt 00:03:06]} d3 {[%clk
00:00:45] [%emt 00:01:04]} 41. Bc3 {[%clk 00:33:38] [%emt 00:17:51]} Kf8 {[%clk
00:26:59] [%emt 00:24:16]} 42. Bxg7+ {[%clk 00:31:46] [%emt 00:02:22]} Ke8
{[%clk 00:27:27] [%emt 00:00:02]} 43. Nc3 {[%clk 00:30:06] [%emt 00:02:10]} Rf2
{[%clk 00:27:39] [%emt 00:00:18]} 44. Re1+ {[%clk 00:28:10] [%emt 00:02:26]} Kd7
{[%clk 00:28:04] [%emt 00:00:05]} 45. Ne4 {[%clk 00:23:27] [%emt 00:05:13]} Rc2
{[%clk 00:28:06] [%emt 00:00:28]} 46. Rd1 {[%clk 00:19:07] [%emt 00:04:50]} Ke6
{[%clk 00:24:05] [%emt 00:04:32]} 47. Bf6 {[%clk 00:16:00] [%emt 00:03:37]} Kf5
{[%clk 00:23:15] [%emt 00:01:19]} 48. Bxh4 {[%clk 00:16:15] [%emt 00:00:14]}
Kxe4 {[%clk 00:23:41] [%emt 00:00:04]} 49. f5 {[%clk 00:16:11] [%emt 00:00:34]}
Rc5 {[%clk 00:21:10] [%emt 00:03:02]} 50. Kg2 {[%clk 00:12:15] [%emt 00:04:26]}
Rxf5 {[%clk 00:18:35] [%emt 00:03:05]} 51. Bf2 {[%clk 00:12:23] [%emt 00:00:21]}
Rg5+ {[%clk 00:15:30] [%emt 00:03:35]} 52. Kf1 {[%clk 00:12:41] [%emt 00:00:12]}
Ra5 {[%clk 00:12:17] [%emt 00:03:44]} 53. Ra1 {[%clk 00:11:21] [%emt 00:01:51]}
f5 {[%clk 00:08:47] [%emt 00:04:00]} 54. Bb6 {[%clk 00:10:50] [%emt 00:01:01]}
Rd5 {[%clk 00:08:21] [%emt 00:00:56]} 55. Re1+ {[%clk 00:10:45] [%emt 00:00:33]}
Kf4 {[%clk 00:06:28] [%emt 00:02:24]} 56. Kf2 {[%clk 00:10:22] [%emt 00:00:53]}
Kg5 {[%clk 00:05:06] [%emt 00:01:52]} 57. Be3+ {[%clk 00:10:35] [%emt 00:00:17]}
f4 {[%clk 00:05:30] [%emt 00:00:06]} 58. Bd2 {[%clk 00:10:58] [%emt 00:00:07]}
1-0

[Site "Europe Echecs"]

[Event "Grand Swiss "]
[Date "2025.09.08"]
[White "Eljanov, Pavel"]
[Black "Ponomariov, Ruslan"]
[WhiteElo "2682"]
[BlackElo "2622"]
[Round "4.4.27"]
[Result "1/2-1/2"]

1. d4 {[%clk 01:40:54] [%emt 00:00:04]} Nf6 {[%clk 01:40:13] [%emt 00:00:48]} 2.
c4 {[%clk 01:41:21] [%emt 00:00:04]} e6 {[%clk 01:40:16] [%emt 00:00:26]} 3. Nc3
{[%clk 01:41:35] [%emt 00:00:16]} Bb4 {[%clk 01:40:27] [%emt 00:00:19]} 4. Qc2
{[%clk 01:41:24] [%emt 00:00:41]} c5 {[%clk 01:36:20] [%emt 00:04:36]} 5. dxc5
{[%clk 01:41:48] [%emt 00:00:06]} O-O {[%clk 01:36:25] [%emt 00:00:24]} 6. a3
{[%clk 01:42:12] [%emt 00:00:06]} Bxc5 {[%clk 01:36:33] [%emt 00:00:22]} 7. Nf3
{[%clk 01:42:39] [%emt 00:00:04]} d5 {[%clk 01:24:07] [%emt 00:12:56]} 8. Bg5
{[%clk 01:39:18] [%emt 00:03:51]} dxc4 {[%clk 01:12:06] [%emt 00:12:31]} 9. e3
{[%clk 01:38:38] [%emt 00:01:11]} h6 {[%clk 01:07:25] [%emt 00:05:11]} 10. Bh4
{[%clk 01:16:19] [%emt 00:22:49]} Be7 {[%clk 00:54:51] [%emt 00:13:03]} 11. Bxc4
{[%clk 01:13:17] [%emt 00:03:33]} Nh5 {[%clk 00:53:18] [%emt 00:02:02]} 12. g4
{[%clk 01:06:29] [%emt 00:07:18]} Bxh4 {[%clk 00:52:17] [%emt 00:01:31]} 13.
gxh5 {[%clk 01:06:55] [%emt 00:00:04]} Bf6 {[%clk 00:51:16] [%emt 00:01:30]} 14.
Ne4 {[%clk 01:00:26] [%emt 00:07:01]} Qa5+ {[%clk 00:48:48] [%emt 00:02:58]} 15.
Nfd2 {[%clk 00:56:49] [%emt 00:04:07]} Nd7 {[%clk 00:46:54] [%emt 00:02:23]} 16.
Be2 {[%clk 00:42:21] [%emt 00:14:59]} Be7 {[%clk 00:44:16] [%emt 00:03:07]} 17.
Rg1 {[%clk 00:36:39] [%emt 00:06:12]} Nf6 {[%clk 00:40:45] [%emt 00:04:01]} 18.
O-O-O {[%clk 00:32:56] [%emt 00:04:13]} Rd8 {[%clk 00:32:55] [%emt 00:08:20]}
19. Nxf6+ {[%clk 00:25:32] [%emt 00:07:54]} Bxf6 {[%clk 00:33:06] [%emt
00:00:18]} 20. Ne4 {[%clk 00:26:00] [%emt 00:00:03]} Be7 {[%clk 00:29:44] [%emt
00:03:51]} 21. Rxd8+ {[%clk 00:25:27] [%emt 00:01:03]} Bxd8 {[%clk 00:26:53]
[%emt 00:03:21]} 22. Rd1 {[%clk 00:17:12] [%emt 00:08:46]} Qc7 {[%clk 00:26:09]
[%emt 00:01:14]} 23. Bf3 {[%clk 00:14:58] [%emt 00:02:45]} Rb8 {[%clk 00:21:00]
[%emt 00:05:38]} 24. Nd6 {[%clk 00:05:21] [%emt 00:10:06]} Kf8 {[%clk 00:19:19]
[%emt 00:02:12]} 25. Qxc7 {[%clk 00:02:58] [%emt 00:02:54]} Bxc7 {[%clk
00:19:39] [%emt 00:00:10]} 26. Nxc8 {[%clk 00:03:22] [%emt 00:00:06]} Rxc8
{[%clk 00:20:04] [%emt 00:00:05]} 27. Bxb7 {[%clk 00:03:42] [%emt 00:00:10]} Rb8
{[%clk 00:20:02] [%emt 00:00:32]} 28. Bc6 {[%clk 00:02:05] [%emt 00:02:07]} Rd8
{[%clk 00:11:23] [%emt 00:09:10]} 29. Rxd8+ {[%clk 00:02:18] [%emt 00:00:16]}
Bxd8 {[%clk 00:11:50] [%emt 00:00:04]} 30. b4 {[%clk 00:01:45] [%emt 00:01:04]}
Ke7 {[%clk 00:11:41] [%emt 00:00:38]} 31. Kd2 {[%clk 00:01:52] [%emt 00:00:22]}
Kd6 {[%clk 00:11:51] [%emt 00:00:21]} 32. Be8 {[%clk 00:02:17] [%emt 00:00:06]}
f5 {[%clk 00:12:04] [%emt 00:00:17]} 33. Kd3 {[%clk 00:01:35] [%emt 00:01:12]}
a5 {[%clk 00:12:14] [%emt 00:00:19]} 34. b5 {[%clk 00:00:56] [%emt 00:01:09]}
Bb6 {[%clk 00:11:51] [%emt 00:00:53]} 35. a4 {[%clk 00:00:56] [%emt 00:00:30]}
e5 {[%clk 00:09:47] [%emt 00:02:33]} 36. Bg6 {[%clk 00:00:37] [%emt 00:00:48]}
f4 {[%clk 00:09:29] [%emt 00:00:48]} 37. Ke4 {[%clk 00:00:47] [%emt 00:00:21]}
fxe3 {[%clk 00:09:49] [%emt 00:00:10]} 38. fxe3 {[%clk 00:01:14] [%emt
00:00:04]} Bc5 {[%clk 00:10:10] [%emt 00:00:09]} 39. Bf7 {[%clk 00:01:19] [%emt
00:00:24]} Bb6 {[%clk 00:10:33] [%emt 00:00:08]} 40. Bb3 {[%clk 00:01:03] [%emt
00:00:46]} 1/2-1/2

[Site "Europe Echecs"]

[Event "Grand Swiss "]
[Date "2025.09.08"]
[White "Deac, Bogdan-Daniel"]
[Black "Matlakov, Maxim"]
[WhiteElo "2674"]
[BlackElo "2609"]
[Round "4.4.28"]
[Result "1/2-1/2"]

1. c4 {[%clk 01:40:51] [%emt 00:00:07]} Nf6 {[%clk 01:40:41] [%emt 00:00:20]} 2.
d4 {[%clk 01:41:04] [%emt 00:00:18]} e6 {[%clk 01:41:04] [%emt 00:00:08]} 3. Nc3
{[%clk 01:41:30] [%emt 00:00:03]} Bb4 {[%clk 01:41:03] [%emt 00:00:31]} 4. e3
{[%clk 01:41:06] [%emt 00:00:53]} c5 {[%clk 01:41:12] [%emt 00:00:21]} 5. Bd3
{[%clk 01:37:11] [%emt 00:04:25]} Nc6 {[%clk 01:41:05] [%emt 00:00:39]} 6. Nge2
{[%clk 01:32:17] [%emt 00:05:23]} cxd4 {[%clk 01:40:21] [%emt 00:01:14]} 7. exd4
{[%clk 01:32:17] [%emt 00:00:29]} d5 {[%clk 01:40:37] [%emt 00:00:14]} 8. cxd5
{[%clk 01:32:24] [%emt 00:00:24]} Qxd5 {[%clk 01:40:35] [%emt 00:00:32]} 9. O-O
{[%clk 01:27:23] [%emt 00:05:30]} Qh5 {[%clk 01:40:39] [%emt 00:00:27]} 10. Ne4
{[%clk 01:21:50] [%emt 00:06:03]} Nxe4 {[%clk 01:40:24] [%emt 00:00:45]} 11.
Bxe4 {[%clk 01:22:16] [%emt 00:00:04]} O-O {[%clk 01:40:41] [%emt 00:00:13]} 12.
Bf3 {[%clk 01:19:41] [%emt 00:03:04]} Qa5 {[%clk 01:38:33] [%emt 00:02:39]} 13.
Be3 {[%clk 01:03:21] [%emt 00:16:49]} Ne7 {[%clk 01:30:12] [%emt 00:08:52]} 14.
a3 {[%clk 00:47:53] [%emt 00:15:58]} Bd6 {[%clk 01:29:58] [%emt 00:00:44]} 15.
Qb3 {[%clk 00:48:17] [%emt 00:00:05]} Rb8 {[%clk 01:13:11] [%emt 00:17:18]} 16.
Nc3 {[%clk 00:45:17] [%emt 00:03:29]} Bd7 {[%clk 01:01:51] [%emt 00:11:50]} 17.
Ne4 {[%clk 00:40:10] [%emt 00:05:37]} Bc7 {[%clk 00:54:29] [%emt 00:07:53]} 18.
Rfc1 {[%clk 00:39:39] [%emt 00:01:00]} Nd5 {[%clk 00:43:48] [%emt 00:11:12]} 19.
Rc5 {[%clk 00:37:31] [%emt 00:02:37]} Qb6 {[%clk 00:43:14] [%emt 00:01:05]} 20.
Qc2 {[%clk 00:37:36] [%emt 00:00:23]} Bd8 {[%clk 00:32:41] [%emt 00:11:05]} 21.
Ng5 {[%clk 00:30:15] [%emt 00:07:51]} Bxg5 {[%clk 00:32:02] [%emt 00:01:10]} 22.
Bxg5 {[%clk 00:30:37] [%emt 00:00:07]} Bc6 {[%clk 00:31:21] [%emt 00:01:12]} 23.
Rc1 {[%clk 00:28:02] [%emt 00:03:04]} Rfe8 {[%clk 00:28:51] [%emt 00:03:00]} 24.
b4 {[%clk 00:24:58] [%emt 00:03:32]} a6 {[%clk 00:28:37] [%emt 00:00:47]} 25.
Bxd5 {[%clk 00:22:45] [%emt 00:02:42]} exd5 {[%clk 00:18:28] [%emt 00:10:40]}
26. Qd2 {[%clk 00:22:13] [%emt 00:01:01]} Re6 {[%clk 00:17:31] [%emt 00:01:27]}
27. Re1 {[%clk 00:22:31] [%emt 00:00:12]} Rxe1+ {[%clk 00:17:28] [%emt
00:00:34]} 28. Qxe1 {[%clk 00:22:59] [%emt 00:00:02]} Re8 {[%clk 00:17:38] [%emt
00:00:19]} 29. Qd2 {[%clk 00:23:09] [%emt 00:00:19]} Qc7 {[%clk 00:15:54] [%emt
00:02:16]} 30. Rc1 {[%clk 00:23:16] [%emt 00:00:22]} Qd7 {[%clk 00:16:13] [%emt
00:00:11]} 1/2-1/2

[Site "Europe Echecs"]

[Event "Grand Swiss "]
[Date "2025.09.08"]
[White "Tabatabaei, M. Amin"]
[Black "Santos Latasa, Jaime"]
[WhiteElo "2673"]
[BlackElo "2620"]
[Round "4.4.29"]
[Result "1-0"]

1. Nf3 {[%clk 01:40:58] [%emt 01:42:28]} Nf6 {[%clk 01:40:50] [%emt 00:00:11]}
2. g3 {[%clk 01:41:19] [%emt 00:00:09]} c5 {[%clk 01:41:04] [%emt 00:00:17]} 3.
Bg2 {[%clk 01:41:39] [%emt 00:00:09]} Nc6 {[%clk 01:41:29] [%emt 00:00:06]} 4.
O-O {[%clk 01:37:23] [%emt 00:04:45]} e5 {[%clk 01:40:40] [%emt 00:01:20]} 5. e4
{[%clk 01:37:42] [%emt 00:00:10]} d6 {[%clk 01:40:48] [%emt 00:00:22]} 6. d3
{[%clk 01:37:56] [%emt 00:00:15]} g6 {[%clk 01:40:51] [%emt 00:00:27]} 7. c4
{[%clk 01:38:18] [%emt 00:00:08]} Bg7 {[%clk 01:39:05] [%emt 00:02:16]} 8. a3
{[%clk 01:38:30] [%emt 00:00:18]} Bg4 {[%clk 01:33:57] [%emt 00:05:39]} 9. h3
{[%clk 01:37:51] [%emt 00:01:08]} Bxf3 {[%clk 01:33:47] [%emt 00:00:40]} 10.
Qxf3 {[%clk 01:33:52] [%emt 00:04:28]} h5 {[%clk 01:32:38] [%emt 00:01:40]} 11.
h4 {[%clk 01:25:00] [%emt 00:09:21]} Nd4 {[%clk 01:28:13] [%emt 00:04:56]} 12.
Qd1 {[%clk 01:25:28] [%emt 00:00:02]} Bh6 {[%clk 01:27:30] [%emt 00:01:13]} 13.
Be3 {[%clk 01:17:03] [%emt 00:08:55]} Ng4 {[%clk 01:19:26] [%emt 00:08:34]} 14.
Bxd4 {[%clk 01:16:09] [%emt 00:01:24]} cxd4 {[%clk 01:18:50] [%emt 00:01:06]}
15. Nd2 {[%clk 01:13:48] [%emt 00:02:50]} O-O {[%clk 01:17:57] [%emt 00:01:24]}
16. Nf3 {[%clk 01:10:09] [%emt 00:04:09]} Qe7 {[%clk 01:13:36] [%emt 00:04:51]}
17. Nh2 {[%clk 01:09:57] [%emt 00:00:41]} Nf6 {[%clk 01:13:24] [%emt 00:00:43]}
18. Bh3 {[%clk 01:08:47] [%emt 00:01:39]} a5 {[%clk 01:11:45] [%emt 00:02:10]}
19. b4 {[%clk 00:52:10] [%emt 00:17:03]} axb4 {[%clk 01:05:08] [%emt 00:07:11]}
20. axb4 {[%clk 00:52:18] [%emt 00:00:22]} Qc7 {[%clk 01:05:32] [%emt 00:00:06]}
21. Qb3 {[%clk 00:40:25] [%emt 00:12:23]} Rfb8 {[%clk 00:59:17] [%emt 00:06:45]}
22. Nf3 {[%clk 00:38:50] [%emt 00:02:04]} Rxa1 {[%clk 00:57:27] [%emt 00:02:20]}
23. Rxa1 {[%clk 00:39:13] [%emt 00:00:07]} b5 {[%clk 00:57:48] [%emt 00:00:09]}
24. cxb5 {[%clk 00:38:02] [%emt 00:01:41]} Qc3 {[%clk 00:53:36] [%emt 00:04:42]}
25. Qxc3 {[%clk 00:34:22] [%emt 00:04:10]} dxc3 {[%clk 00:53:41] [%emt
00:00:25]} 26. Ne1 {[%clk 00:34:49] [%emt 00:00:03]} d5 {[%clk 00:52:48] [%emt
00:01:23]} 27. Ra6 {[%clk 00:28:34] [%emt 00:06:44]} Kg7 {[%clk 00:45:43] [%emt
00:07:35]} 28. b6 {[%clk 00:24:23] [%emt 00:04:42]} dxe4 {[%clk 00:39:20] [%emt
00:06:53]} 29. dxe4 {[%clk 00:24:45] [%emt 00:00:08]} Nxe4 {[%clk 00:39:45]
[%emt 00:00:05]} 30. Bg2 {[%clk 00:17:08] [%emt 00:08:07]} f5 {[%clk 00:36:15]
[%emt 00:04:00]} 31. Nc2 {[%clk 00:16:24] [%emt 00:01:13]} Kf7 {[%clk 00:36:03]
[%emt 00:00:43]} 32. Bxe4 {[%clk 00:15:31] [%emt 00:01:22]} fxe4 {[%clk
00:36:28] [%emt 00:00:05]} 33. Kf1 {[%clk 00:15:57] [%emt 00:00:04]} Bf8 {[%clk
00:34:59] [%emt 00:02:00]} 34. Ke2 {[%clk 00:15:07] [%emt 00:01:20]} Be7 {[%clk
00:34:23] [%emt 00:01:05]} 35. Ke3 {[%clk 00:03:02] [%emt 00:12:35]} Bd8 {[%clk
00:34:23] [%emt 00:00:30]} 36. Kxe4 {[%clk 00:03:31] [%emt 00:00:02]} Bxb6
{[%clk 00:34:43] [%emt 00:00:10]} 37. Kxe5 {[%clk 00:03:52] [%emt 00:00:09]}
Re8+ {[%clk 00:35:04] [%emt 00:00:09]} 38. Kf4 {[%clk 00:03:44] [%emt 00:00:34]}
Re2 {[%clk 00:34:41] [%emt 00:00:57]} 39. Rxb6 {[%emt 00:00:19]} Rxf2+ {[%clk
00:34:44] [%emt 00:00:25]} 40. Kg5 {[%clk 00:03:50] [%emt 00:00:31]} Rxc2 {[%clk
00:35:11] [%emt 00:00:09]} 41. Rf6+ {[%clk 00:32:29] [%emt 00:21:49]} Ke7 {[%clk
01:24:47] [%emt 00:00:56]} 42. Rc6 {[%clk 00:32:44] [%emt 00:00:14]} Rc1 {[%clk
01:17:22] [%emt 00:07:57]} 43. Kxg6 {[%clk 00:32:05] [%emt 00:01:09]} c2 {[%clk
01:17:44] [%emt 00:00:08]} 44. Kxh5 {[%clk 00:32:26] [%emt 00:00:09]} Kd7 {[%clk
01:18:05] [%emt 00:00:09]} 45. Rc5 {[%clk 00:32:43] [%emt 00:00:13]} Rg1 {[%clk
01:18:28] [%emt 00:00:07]} 46. Rxc2 {[%clk 00:33:07] [%emt 00:00:05]} Rxg3
{[%clk 01:18:55] [%emt 00:00:04]} 47. Re2 {[%clk 00:31:40] [%emt 00:01:53]} Kd6
{[%clk 01:17:05] [%emt 00:02:24]} 48. Rd2+ {[%clk 00:31:01] [%emt 00:01:08]} Ke5
{[%clk 01:13:23] [%emt 00:04:13]} 49. Rb2 {[%clk 00:30:48] [%emt 00:00:42]} Rg8
{[%clk 01:11:37] [%emt 00:02:16]} 50. b5 {[%clk 00:31:01] [%emt 00:00:18]} Rh8
{[%clk 01:11:58] [%emt 00:00:08]} 51. Kg4 {[%clk 00:31:20] [%emt 00:00:11]} Rg8+
{[%clk 01:12:22] [%emt 00:00:06]} 52. Kh3 {[%clk 00:31:45] [%emt 00:00:03]} Rg7
{[%clk 01:09:52] [%emt 00:03:00]} 53. b6 {[%clk 00:32:01] [%emt 00:00:15]} Rb7
{[%clk 01:10:15] [%emt 00:00:07]} 54. h5 {[%clk 00:32:12] [%emt 00:00:18]} Kf5
{[%clk 01:08:53] [%emt 00:01:52]} 55. Rb5+ {[%clk 00:32:30] [%emt 00:00:12]} Kf6
{[%clk 01:09:17] [%emt 00:00:07]} 56. Kh4 {[%clk 00:32:54] [%emt 00:00:06]} Kg7
{[%clk 01:09:40] [%emt 00:00:07]} 57. Kg5 {[%clk 00:33:20] [%emt 00:00:04]} Kh7
{[%clk 01:10:05] [%emt 00:00:06]} 58. Kf6 {[%clk 00:33:45] [%emt 00:00:04]} Kh6
{[%clk 01:10:00] [%emt 00:00:16]} 59. Ke6 {[%clk 00:34:09] [%emt 00:00:25]} 1-0

[Site "Europe Echecs"]

[Event "Grand Swiss "]
[Date "2025.09.08"]
[White "Murzin, Volodar"]
[Black "Narayanan S L"]
[WhiteElo "2670"]
[BlackElo "2591"]
[Round "4.4.30"]
[Result "1/2-1/2"]

1. e4 {[%clk 01:40:57] [%emt 00:00:03]} c5 {[%clk 01:40:50] [%emt 00:00:10]} 2.
Nf3 {[%clk 01:41:23] [%emt 00:00:05]} Nc6 {[%clk 01:41:14] [%emt 00:00:06]} 3.
Bb5 {[%clk 01:41:48] [%emt 00:00:05]} e6 {[%clk 01:41:38] [%emt 00:00:05]} 4.
O-O {[%clk 01:42:06] [%emt 00:00:13]} Nge7 {[%clk 01:41:49] [%emt 00:00:19]} 5.
d4 {[%clk 01:42:19] [%emt 00:00:17]} cxd4 {[%clk 01:42:06] [%emt 00:00:11]} 6.
Nxd4 {[%clk 01:42:44] [%emt 00:00:06]} Ng6 {[%clk 01:42:17] [%emt 00:00:19]} 7.
Be3 {[%clk 01:43:02] [%emt 00:00:12]} Be7 {[%clk 01:42:14] [%emt 00:00:33]} 8.
c3 {[%clk 01:43:14] [%emt 00:00:19]} O-O {[%clk 01:41:57] [%emt 00:00:46]} 9.
Nd2 {[%clk 01:43:38] [%emt 00:00:06]} Bg5 {[%clk 01:27:44] [%emt 00:14:43]} 10.
Qe1 {[%clk 01:25:58] [%emt 00:18:10]} a6 {[%clk 01:02:28] [%emt 00:25:46]} 11.
Bd3 {[%clk 01:19:21] [%emt 00:07:07]} Bxe3 {[%clk 00:56:31] [%emt 00:06:27]} 12.
Qxe3 {[%clk 01:19:44] [%emt 00:00:07]} e5 {[%clk 00:53:03] [%emt 00:03:58]} 13.
N4f3 {[%clk 01:08:17] [%emt 00:11:58]} d6 {[%clk 00:48:23] [%emt 00:05:08]} 14.
Rfd1 {[%clk 01:01:46] [%emt 00:07:01]} b5 {[%clk 00:42:58] [%emt 00:05:55]} 15.
a4 {[%clk 00:53:55] [%emt 00:08:22]} Rb8 {[%clk 00:43:22] [%emt 00:00:05]} 16.
axb5 {[%clk 00:54:14] [%emt 00:00:11]} axb5 {[%clk 00:43:47] [%emt 00:00:05]}
17. Bf1 {[%clk 00:53:33] [%emt 00:01:11]} Be6 {[%clk 00:37:07] [%emt 00:07:10]}
18. Rdc1 {[%clk 00:43:17] [%emt 00:10:46]} h6 {[%clk 00:33:49] [%emt 00:03:47]}
19. b4 {[%clk 00:32:29] [%emt 00:11:19]} Nge7 {[%clk 00:30:03] [%emt 00:04:16]}
20. Ra6 {[%clk 00:27:31] [%emt 00:05:29]} Bc8 {[%clk 00:29:55] [%emt 00:00:36]}
21. Ra3 {[%clk 00:24:56] [%emt 00:03:06]} Be6 {[%clk 00:29:52] [%emt 00:00:32]}
22. Ra6 {[%clk 00:22:41] [%emt 00:02:46]} Bc8 {[%clk 00:29:53] [%emt 00:00:29]}
23. Ra3 {[%clk 00:22:54] [%emt 00:00:18]} Be6 {[%clk 00:30:14] [%emt 00:00:08]}
24. Ra6 {[%emt 00:01:19]} Bc8 {[%emt 00:00:41]} 1/2-1/2

[Site "Europe Echecs"]